| 000 | 00686nam a2200193 i 4500 | ||
|---|---|---|---|
| 001 | 43854 | ||
| 003 | ES-MaACL | ||
| 005 | 20230906160905.0 | ||
| 007 | t| | ||
| 008 | 030318s1891 sp ||||1| spa d | ||
| 100 | 1 |
_aCavagnari, Camillo. _937137 |
|
| 245 | 1 | 0 |
_aNuovi orizonti del Diritto Civile in rapporto colle Istituzioni pupillari _b: saggio di critica e riforma legislativa / _cCamillo Cavagnari. |
| 260 |
_aMilano : _b[s.n., _c1891] ( _fTip. Coop. Jusubria) |
||
| 300 |
_aXX, 451 p. ; _c23 cm. |
||
| 490 | 1 |
_aBiblioteca scientifica internazionale ; _v49 |
|
| 830 | 0 |
_aBiblioteca scientifica internazionale ; _v49 _9188137 |
|
| 852 |
_aES-MaACL _jC-3207 |
||
| 999 |
_c43854 _d43854 |
||